| 000 | 00422nam a22001697a 4500 | ||
|---|---|---|---|
| 003 | NUST - PNEC | ||
| 005 | 20170116180859.0 | ||
| 008 | 150901b xxu||||| |||| 00| 0 eng d | ||
| 020 | _a0697165744 | ||
| 040 | _cLIBRARY | ||
| 082 | _a540 GEB | ||
| 100 |
_96205 _aGebelein, Charles G. |
||
| 245 |
_aChemistry and our world _c Charles G.,Gebelein |
||
| 260 | _cc 1997 | ||
| 650 |
_96206 _aChemistry _xME |
||
| 942 |
_2ddc _cBK |
||
| 999 |
_c64906 _d64906 |
||